<?xml version="1.0" encoding="UTF-8"?>
<record
    xmlns:xsi="http://www.w3.org/2001/XMLSchema-instance"
    xsi:schemaLocation="http://www.loc.gov/MARC21/slim http://www.loc.gov/standards/marcxml/schema/MARC21slim.xsd"
    xmlns="http://www.loc.gov/MARC21/slim">

  <leader>01018nam a22002297a 4500</leader>
  <controlfield tag="005">20210414113947.0</controlfield>
  <controlfield tag="008">120529t        xxu||||| |||| 00| 0 eng d</controlfield>
  <datafield tag="020" ind1=" " ind2=" ">
    <subfield code="a">13: 9781423901396</subfield>
  </datafield>
  <datafield tag="050" ind1=" " ind2=" ">
    <subfield code="a">HF5548.M525.B732</subfield>
  </datafield>
  <datafield tag="100" ind1=" " ind2=" ">
    <subfield code="a">Brady, Joseph A.</subfield>
  </datafield>
  <datafield tag="245" ind1=" " ind2=" ">
    <subfield code="a">Problem-solving cases in microsoft access and excel. /</subfield>
    <subfield code="c">Joseph Brady and Ellen F. Monk</subfield>
  </datafield>
  <datafield tag="250" ind1=" " ind2=" ">
    <subfield code="a">5 th edition</subfield>
  </datafield>
  <datafield tag="260" ind1=" " ind2=" ">
    <subfield code="a">Australia:</subfield>
    <subfield code="b">Thomson Course Technology,</subfield>
    <subfield code="c">2008.</subfield>
  </datafield>
  <datafield tag="300" ind1=" " ind2=" ">
    <subfield code="a">viii, 230 p. :</subfield>
    <subfield code="b">ill. ;</subfield>
    <subfield code="c">27.5 cm.</subfield>
  </datafield>
  <datafield tag="500" ind1=" " ind2=" ">
    <subfield code="a">Includes index.</subfield>
  </datafield>
  <datafield tag="505" ind1=" " ind2=" ">
    <subfield code="a">Contents: Database cases using access -- Decision support cases using excel scenario manager -- Decision support cases using the excel solver -- Decision support cases using basic excel functionality -- Integration case: using access and excel -- Advanced excel skills using excel -- Presentation skills.</subfield>
  </datafield>
  <datafield tag="650" ind1=" " ind2=" ">
    <subfield code="a">Microsoft Access. </subfield>
  </datafield>
  <datafield tag="650" ind1=" " ind2=" ">
    <subfield code="a"> Microsoft Excel (Computer file) </subfield>
  </datafield>
  <datafield tag="650" ind1=" " ind2=" ">
    <subfield code="a"> Business</subfield>
    <subfield code="x"> Computer programs.</subfield>
  </datafield>
  <datafield tag="700" ind1=" " ind2=" ">
    <subfield code="a">Monk, Ellen F. </subfield>
  </datafield>
  <datafield tag="942" ind1=" " ind2=" ">
    <subfield code="2">lcc</subfield>
    <subfield code="c">BK</subfield>
  </datafield>
  <datafield tag="999" ind1=" " ind2=" ">
    <subfield code="c">995</subfield>
    <subfield code="d">8495</subfield>
  </datafield>
  <datafield tag="952" ind1=" " ind2=" ">
    <subfield code="0">0</subfield>
    <subfield code="1">0</subfield>
    <subfield code="2">lcc</subfield>
    <subfield code="4">0</subfield>
    <subfield code="7">0</subfield>
    <subfield code="a">WIUC-1</subfield>
    <subfield code="b">WIUC-1</subfield>
    <subfield code="c">GEN</subfield>
    <subfield code="d">2012-05-29</subfield>
    <subfield code="l">0</subfield>
    <subfield code="o">HF5548.M525.B73</subfield>
    <subfield code="p">2525/12</subfield>
    <subfield code="r">2012-05-29 00:00:00</subfield>
    <subfield code="t">1</subfield>
    <subfield code="w">2012-05-29</subfield>
    <subfield code="y">BK</subfield>
  </datafield>
  <datafield tag="952" ind1=" " ind2=" ">
    <subfield code="0">0</subfield>
    <subfield code="1">0</subfield>
    <subfield code="2">lcc</subfield>
    <subfield code="4">0</subfield>
    <subfield code="7">0</subfield>
    <subfield code="a">WIUC-1</subfield>
    <subfield code="b">WIUC-1</subfield>
    <subfield code="c">GEN</subfield>
    <subfield code="d">2012-05-29</subfield>
    <subfield code="l">0</subfield>
    <subfield code="o">HF5548.M525.B731</subfield>
    <subfield code="p">2526/12</subfield>
    <subfield code="r">2012-05-29 00:00:00</subfield>
    <subfield code="t">2</subfield>
    <subfield code="w">2012-05-29</subfield>
    <subfield code="y">BK</subfield>
  </datafield>
  <datafield tag="952" ind1=" " ind2=" ">
    <subfield code="0">0</subfield>
    <subfield code="1">0</subfield>
    <subfield code="2">lcc</subfield>
    <subfield code="4">0</subfield>
    <subfield code="7">0</subfield>
    <subfield code="a">WIUC-1</subfield>
    <subfield code="b">WIUC-1</subfield>
    <subfield code="c">GEN</subfield>
    <subfield code="d">2012-05-29</subfield>
    <subfield code="l">0</subfield>
    <subfield code="o">HF5548.M525.B732</subfield>
    <subfield code="p">2527/12</subfield>
    <subfield code="r">2012-05-29 00:00:00</subfield>
    <subfield code="t">3</subfield>
    <subfield code="w">2012-05-29</subfield>
    <subfield code="y">BK</subfield>
  </datafield>
  <datafield tag="952" ind1=" " ind2=" ">
    <subfield code="0">0</subfield>
    <subfield code="1">0</subfield>
    <subfield code="2">lcc</subfield>
    <subfield code="4">0</subfield>
    <subfield code="7">0</subfield>
    <subfield code="a">WIUC-1</subfield>
    <subfield code="b">WIUC-1</subfield>
    <subfield code="c">GEN</subfield>
    <subfield code="d">2012-05-29</subfield>
    <subfield code="l">0</subfield>
    <subfield code="o">HF5548.M525.B733</subfield>
    <subfield code="p">2528/12</subfield>
    <subfield code="r">2012-05-29 00:00:00</subfield>
    <subfield code="t">4</subfield>
    <subfield code="w">2012-05-29</subfield>
    <subfield code="y">BK</subfield>
  </datafield>
  <datafield tag="952" ind1=" " ind2=" ">
    <subfield code="0">0</subfield>
    <subfield code="1">0</subfield>
    <subfield code="2">lcc</subfield>
    <subfield code="4">0</subfield>
    <subfield code="7">0</subfield>
    <subfield code="a">WIUC-1</subfield>
    <subfield code="b">WIUC-1</subfield>
    <subfield code="c">GEN</subfield>
    <subfield code="d">2012-05-29</subfield>
    <subfield code="l">0</subfield>
    <subfield code="o">HF5548.M525.B734</subfield>
    <subfield code="p">2529/12</subfield>
    <subfield code="r">2012-05-29 00:00:00</subfield>
    <subfield code="t">5</subfield>
    <subfield code="w">2012-05-29</subfield>
    <subfield code="y">BK</subfield>
  </datafield>
  <datafield tag="952" ind1=" " ind2=" ">
    <subfield code="0">0</subfield>
    <subfield code="1">0</subfield>
    <subfield code="2">lcc</subfield>
    <subfield code="4">0</subfield>
    <subfield code="7">0</subfield>
    <subfield code="a">WIUC-1</subfield>
    <subfield code="b">WIUC-1</subfield>
    <subfield code="c">GEN</subfield>
    <subfield code="d">2012-05-29</subfield>
    <subfield code="l">0</subfield>
    <subfield code="o">HF5548.M525.B735</subfield>
    <subfield code="p">2530/12</subfield>
    <subfield code="r">2012-05-29 00:00:00</subfield>
    <subfield code="t">6</subfield>
    <subfield code="w">2012-05-29</subfield>
    <subfield code="y">BK</subfield>
  </datafield>
  <datafield tag="952" ind1=" " ind2=" ">
    <subfield code="0">0</subfield>
    <subfield code="1">0</subfield>
    <subfield code="2">lcc</subfield>
    <subfield code="4">0</subfield>
    <subfield code="7">0</subfield>
    <subfield code="a">WIUC-1</subfield>
    <subfield code="b">WIUC-1</subfield>
    <subfield code="c">GEN</subfield>
    <subfield code="d">2012-05-29</subfield>
    <subfield code="l">0</subfield>
    <subfield code="o">HF5548.M525.B736</subfield>
    <subfield code="p">2531/12</subfield>
    <subfield code="r">2012-05-29 00:00:00</subfield>
    <subfield code="t">7</subfield>
    <subfield code="w">2012-05-29</subfield>
    <subfield code="y">BK</subfield>
  </datafield>
</record>
